| 000 | 02770cam a22005054a 4500 | ||
|---|---|---|---|
| 003 | PE-LiUPU | ||
| 005 | 20250731183342.0 | ||
| 008 | 080902s2008 pe a b 000 0 spa c | ||
| 020 | _a9789972670893 | ||
| 020 | _a9972670899 | ||
| 035 | _a(Sirsi) i9789972670893 | ||
| 040 |
_aPE-LiUPU _bspa _cPE-LiUPU _erda |
||
| 041 |
_aspa _aeng |
||
| 049 | _aPRUA | ||
| 082 |
_a711.1 _bC328 _220 |
||
| 100 | 1 |
_aCaria, Antonio Stefano, _eautor. |
|
| 245 | 1 | 0 |
_aTítulos sin desarrollo : _blos efectos de la titulación de tierras en los nuevos barrios de Lima / _cAntonio Stefano Caria. |
| 246 | 3 | 1 | _aTitles without development |
| 250 | _aPrimera edición. | ||
| 264 |
_aLima : _bDESCO, Centro de Estudios y Promoción del Desarrollo, _c2008. |
||
| 300 |
_a109 pages : _bilustraciones ; _c26 centímetros. |
||
| 336 |
_atext _2rdacontent |
||
| 337 |
_aunmediated _2rdamedia |
||
| 338 |
_avolume _2rdacarrier |
||
| 490 | 1 |
_aSerie Estudios urbanos ; _v4 |
|
| 504 | _aIBibliografía : páginas 76-80. | ||
| 505 | _aIntroducción -- Entendiendo la titulación -- Propiedad informal y organizaciones sociales de base en el desarrollo urbano de Lima -- Derechos de propiedad: extención. seguridad e informalidad -- El debate sobre los efectos de lal titulación: una hipótesis -- Metodología: un esperimento natural en los nuevos barrios -- ¿Adónde se fue todo el desarrollo? -- La percepción de la seguridad - Consolidación -- Crédito -- Empleo -- Alguna pautas para construir una política -- Conclusiones -- Bibliografía -- Anexo: versión original en inglés. | ||
| 520 | _aEstudio que cuestiona los "presuntos efectos positivos" de la titulación otorgada por COFROPI, Organismo de Formalización de la Propiedad Informal. Para el efecto se realizó un estudio de campo con los pobladores de los asentamientos humanos Los Laureles y Los jardines de Pachacamac de Villa el Salvador. | ||
| 526 | _aP158 | ||
| 526 | _aP146 | ||
| 526 | _aP17 | ||
| 526 | _aP12 | ||
| 526 | _aP06 | ||
| 541 | _g0020-0000434; | ||
| 650 | 0 |
_aAsentamientos ilegales _zPeru _zLima. |
|
| 650 | 0 |
_aPobre _zPeru _zLima. |
|
| 650 | 0 |
_aTenencia de la tierra _zPeru _zLima. |
|
| 650 | 0 |
_aTítulos de propiedad _ xRegistration y traslado _zPeru _zLima. |
|
| 910 |
_ajck _ebj _cebj _d20160510 |
||
| 942 |
_2ddc _cBOOK |
||
| 949 |
_a711.1 C328 _wDEWEY _c1 _i72908 _lCCODEBUL1 _mBUL _p6.01 _r0 _sY _tBOOK _u2016-5-10 _xINGENIERIA _PP06 _0COMPRA _o.STAFF. Colección General |
||
| 994 |
_aC0 _bPEPRU |
||
| 596 | _a1 | ||
| 999 |
_a711.1 C328 _wDEWEY _c9347 _i72908 _d9347 _e2019-9-29 _f2021-11-9 _g7 _lCCODEBUL1 _mBUL _n7 _p6.01 _q2 _r0 _sY _tBOOK _u2016-5-10 _xINGENIERIA _PP06 _0COMPRA _o.STAFF. Colección General |
||
| 980 |
_81 _gALBERTO SANCHEZ Responsable de Automatización |
||